Sports Quiz

Random Sports or Basketball Quiz

NBA Players With 50 Point Games Quiz Stats

 Plays Quiz Updated Jun 7, 2019

Score 0/140 Timer 18:00
2 Plays Today
Times Player % Correct
31Michael Jordan
96.2%
25Kobe Bryant
95.4%
12LeBron James
94.3%
118Wilt Chamberlain
93.7%
5Jerry West
79.8%
4Larry Bird
79.2%
3Shaquille O'Neal
78.4%
6Kevin Durant
76.7%
1Jermaine O'Neal
76.4%
11Allen Iverson
72.9%
5Russell Westbrook
72.5%
3Dwyane Wade
72.4%
10Kareem Abdul-Jabbar
72.3%
1Tim Duncan
71.5%
4Karl Malone
70.9%
4Moses Malone
70.3%
4Carmelo Anthony
70%
6Stephen Curry
66.3%
18James Harden
66%
3David Robinson
65.3%
3Klay Thompson
65.3%
1Clifford Robinson
64.2%
1Truck Robinson
64.2%
2Dirk Nowitzki
63.5%
1Paul Pierce
62.7%
2Vince Carter
61%
1Ray Allen
60.9%
2Hakeem Olajuwon
58.3%
4Tracy McGrady
58.2%
1David Thompson
55.6%
2Patrick Ewing
55%
3Anthony Davis
54.4%
2Oscar Robertson
54%
2Kyrie Irving
53.4%
1Isaiah Thomas
52.5%
1Tony Parker
51.7%
1Reggie Miller
50.9%
1Charles Smith
50.5%
2Phil Smith
50.5%
1Derrick Rose
50.3%
17Elgin Baylor
50.1%
1Andre Miller
49.9%
1Deron Williams
47.7%
1Mo Williams
47.4%
1Freeman Williams
47.3%
1Ray Williams
47.3%
7Dominique Wilkins
47.1%
Times Player % Correct
1Clyde Drexler
46.1%
1Blake Griffin
45.9%
1John Wall
44.7%
1Sam Jones
44.5%
1Kevin McHale
44.3%
5George Gervin
43.5%
1Lou Williams
42%
1Giannis Antetokounmpo
41.2%
5Damian Lillard
41.1%
3Devin Booker
41.1%
6Pete Maravich
41%
1Kevin Love
39.8%
1Jim Jackson
39.1%
2DeMarcus Cousins
37.6%
1Chris Webber
36.9%
14Rick Barry
36.8%
1Amar'e Stoudemire
36.8%
4George Mikan
36.7%
6Bob Pettit
35.6%
1Mahmoud Abdul-Rauf
35.4%
8Bernard King
35.4%
2Alex English
34.8%
2Kemba Walker
34.3%
3Gilbert Arenas
34.1%
1Karl-Anthony Towns
33.5%
1Chet Walker
32.8%
1DeMar DeRozan
32.6%
2Elvin Hayes
31.4%
1Bradley Beal
30.3%
1Alonzo Mourning
28.6%
1Willis Reed
28.2%
6Adrian Dantley
27.8%
2Jimmy Butler
27.5%
4Bob McAdoo
27.3%
1LaMarcus Aldridge
27.2%
1Richard Hamilton
26.9%
2Michael Redd
26.3%
2Antawn Jamison
25.4%
1Stephon Marbury
24.8%
1Rashard Lewis
24.3%
1Jerry Stackhouse
23.9%
1Brandon Jennings
23.9%
4Nate Archibald
23.4%
1Dale Ellis
23.2%
1CJ McCollum
23.1%
1Glen Rice
22.9%
4Jamal Crawford
22.3%
Times Player % Correct
1Earl Monroe
21.3%
2Allan Houston
21.2%
1Fred Brown
21%
1Brandon Roy
20.6%
1Nick Anderson
20.5%
2Tom Chambers
20.3%
1Kevin Martin
19.6%
1Damon Stoudamire
19.2%
1Dolph Schayes
18.5%
1Terrence Ross
18.4%
2Jamal Mashburn
17%
1Dave Bing
16.9%
1Gail Goodrich
15.8%
1Hal Greer
13.7%
1Corey Brewer
13.1%
2Kiki Vandeweghe
13.1%
1Shareef Abdur-Rahim
13%
1Michael Adams
12.2%
1Calvin Murphy
12.2%
1Terry Cummings
10.2%
1Vernon Maxwell
10.1%
1Tony Delk
9.4%
1Spencer Haywood
8.2%
1Lou Hudson
7.9%
1Tracy Murray
7.9%
2Jack Twyman
7.3%
1Joe Fulks
7.2%
1Kelly Tripucka
7.1%
1Neil Johnston
7%
1Cedric Ceballos
6.9%
1Billy Knight
6.6%
1Dana Barros
6.1%
1Joe Barry Carroll
5.6%
2George Yardley
5.5%
2Purvis Short
5.3%
3Richie Guerin
5.2%
1John Williamson
4.9%
1John Drew
4.9%
1Cliff Hagan
4.7%
1Willie Burton
4.4%
2Geoff Petrie
4.2%
1Walt Wesley
3.9%
1Phil Chenier
3%
1Larry Kenon
2.6%
1Mike Newlin
2.3%
1Rudy LaRusso
2%

You're not logged in!

Compare scores with friends on all Sporcle quizzes.
OR
Log In

Sporcle TV

Today on Sporcle TV


Watch our educational content, quiz creation guides, and fun videos on Sporcle TV.

Show Comments

Extras

Top Quizzes Today


Score Distribution

Your Account Isn't Verified!

In order to create a playlist on Sporcle, you need to verify the email address you used during registration. Go to your Sporcle Settings to finish the process.

Report this User

Report this user for behavior that violates our Community Guidelines.

Details: